| 000 | 00352nam a22001217a 4500 | ||
|---|---|---|---|
| 008 | 220812b |||||||| |||| 00| 0 eng d | ||
| 082 | _a306.8 KIN | ||
| 245 |
_aAID 101: Kinship and Family _bFor first year BA Anthropology students |
||
| 260 |
_aThimphu : _bRoyal Thimphu College, _c2022. |
||
| 300 |
_a60 p. _c30 cm. |
||
| 650 | _aCourse pack | ||
| 942 | _2ddc | ||
| 999 |
_c9092 _d9093 |
||